书目信息 |
| 题名: |
护理药理学
|
|
| 作者: | 徐红 | |
| 分册: | ||
| 出版信息: | 北京 人民卫生出版社 2004.06 |
|
| 页数: | 346页 | |
| 开本: | 20cm | |
| 丛书名: | ||
| 单 册: | ||
| 中图分类: | R96 | |
| 科图分类: | ||
| 主题词: | 药理学 | |
| 电子资源: | ||
| ISBN: | 7-117-14567-6 | |
| 000 | 00516nam0 2200205 450 | |
| 001 | 1860829919 | |
| 005 | 20180619165449.31 | |
| 010 | @a7-117-14567-6@dCNY38.00 | |
| 100 | @a20180619d2004 km y0chiy0120 ea | |
| 101 | 0 | @achi |
| 102 | @aCN@b110000 | |
| 200 | 1 | @a护理药理学@Ahu li yao li xue@f徐红@Fxu hong |
| 205 | @a2版 | |
| 210 | @a北京@c人民卫生出版社@d2004.06 | |
| 215 | @a346页@d20cm | |
| 606 | 0 | @a药理学 |
| 690 | @aR96@v4 | |
| 701 | 0 | @a徐红@Axu hong |
| 801 | 0 | @aCN@bMUSE@c20180619 |
| 905 | @aMUSE@dR96@eX722 | |
| 护理药理学/徐红.-2版.-北京:人民卫生出版社,2004.06 |
| 346页;20cm |
| ISBN 7-117-14567-6:CNY38.00 |
| ● |
| 相关链接 |
|
|
|
正题名:护理药理学
索取号:R96/X722
 
预约/预借
| 序号 | 登录号 | 条形码 | 馆藏地/架位号 | 状态 | 备注 |
| 1 | 1300697 | 213006977 | 自科库401/401自科库 23排1列2层/ [索取号:R96/X722] | 在馆 |